|
|
|
|
| LEADER |
00000nab a2200000 ar4500 |
| 001 |
vtls008901707 |
| 003 |
SK-MaSNL |
| 005 |
20260303071437.0 |
| 008 |
061221c20060825xo mr|p|||||||000 b|slo |
| 038 |
|
|
|a SNSK
|
| 040 |
|
|
|b slo
|c SNSK
|e AACR2
|
| 041 |
|
|
|a slo
|
| 044 |
|
|
|a xo
|c SK
|
| 080 |
|
|
|a 06.063
|2 2001
|
| 080 |
|
|
|a 930.253
|2 2001
|
| 080 |
|
|
|a 908.437.6
|2 1997
|
| 245 |
0 |
0 |
|a Najkrajšiu kroniku má Levoča
|b v celoslovenskej súťaži sa stretlo 60 letopisov
|c [autor](ver)
|
| 300 |
|
|
|b Fotogr.
|
| 650 |
0 |
7 |
|a mestské kroniky
|2 snsk
|9 31275
|
| 650 |
0 |
7 |
|a celoslovenské súťaže
|2 snsk
|9 694499
|
| 651 |
|
7 |
|a Levoča (Slovensko)
|2 snsk
|9 26696
|
| 773 |
0 |
|
|t Nový Čas
|g Roč. 16, č. 197 (25.8.2006), s. 11.
|x 1335-4655
|
| 852 |
|
|
|a SNSK
|b KIS3GCP
|
| 999 |
|
|
|c 1759934
|d 1761864
|